[Event "D"]
[Site "?"]
[Date "2018.08.25"]
[Round "8.3"]
[White "Grzebieniowski, Michal"]
[Black "Chmiel, Pawel"]
[Result "1/2-1/2"]
[BlackElo "1220"]
[WhiteElo "1385"]
[LiveChessVersion "1.4.8"]

1. e4 {[%clk 1:30:57]} e5 {[%clk 1:30:54]} 2. Nf3 {[%clk 1:31:21]} Nc6
{[%clk 1:31:21]} 3. Nc3 {[%clk 1:31:45]} Bc5 {[%clk 1:31:41]} 4. Nxe5
{[%clk 1:32:03]} Nxe5 {[%clk 1:31:17]} 5. d4 {[%clk 1:32:23]} Bd6
{[%clk 1:31:18]} 6. dxe5 {[%clk 1:32:43]} Bxe5 {[%clk 1:31:43]} 7. f4
{[%clk 1:33:01]} Bxc3+ {[%clk 1:31:43]} 8. bxc3 {[%clk 1:33:19]} d6
{[%clk 1:32:06]} 9. Bd3 {[%clk 1:32:57]} Qh4+ {[%clk 1:32:04]} 10. g3
{[%clk 1:33:13]} Qh3 {[%clk 1:32:11]} 11. Bf1 {[%clk 1:33:15]} Qg4
{[%clk 1:31:41]} 12. Qd3 {[%clk 1:32:24]} Nf6 {[%clk 1:31:17]} 13. Bg2
{[%clk 1:32:23]} Qe6 {[%clk 1:31:21]} 14. O-O {[%clk 1:32:28]} O-O
{[%clk 1:31:39]} 15. Ba3 {[%clk 1:32:36]} Re8 {[%clk 1:31:39]} 16. Rae1
{[%clk 1:32:48]} Qxa2 {[%clk 1:31:50]} 17. Bc1 {[%clk 1:30:46]} b6
{[%clk 1:32:09]} 18. e5 {[%clk 1:31:06]} Ba6 {[%clk 1:31:47]} 19. Qd2
{[%clk 1:30:36]} Bxf1 {[%clk 1:31:07]} 20. Bxa8 {[%clk 1:30:42]} Rxa8
{[%clk 1:31:21]} 21. exf6 {[%clk 1:30:07]} Bh3 {[%clk 1:30:56]} 22. fxg7
{[%clk 1:29:40]} Kxg7 {[%clk 1:31:17]} 23. Qd4+ {[%clk 1:27:23]} Kg8
{[%clk 1:31:28]} 24. Qe4 {[%clk 1:27:26]} d5 {[%clk 1:31:07]} 25. Qd3
{[%clk 1:27:14]} c5 {[%clk 1:30:37]} 26. Re5 {[%clk 1:25:50]} Qc4
{[%clk 1:28:34]} 27. Rxd5 {[%clk 1:25:16]} Qxd3 {[%clk 1:28:27]} 28. cxd3
{[%clk 1:24:08]} a5 {[%clk 1:28:02]} 29. Ba3 {[%clk 1:24:04]} Re8
{[%clk 1:27:40]} 30. Kf2 {[%clk 1:23:09]} f6 {[%clk 1:26:54]} 31. Rd6
{[%clk 1:22:53]} Re6 {[%clk 1:27:13]} 32. Rd8+ {[%clk 1:13:56]} Kg7
{[%clk 1:27:35]} 33. Rd7+ {[%clk 1:13:25]} Kg6 {[%clk 1:27:40]} 34. Rd8
{[%clk 1:13:44]} Bg4 {[%clk 1:25:46]} 35. Rg8+ {[%clk 1:12:38]} Kh5
{[%clk 1:25:50]} 36. h3 {[%clk 1:11:06]} Bxh3 {[%clk 1:25:49]} 37. Bc1
{[%clk 1:10:36]} Bf5 {[%clk 1:25:17]} 38. Rd8 {[%clk 1:09:50]} Bg4
{[%clk 1:25:34]} 39. Be3 {[%clk 1:10:12]} Bf5 {[%clk 1:21:38]} 40. Kf3
{[%clk 1:09:22]} Bg4+ {[%clk 1:19:48]} 41. Kf2 {[%clk 1:09:24]} Re7
{[%clk 1:16:46]} 42. Rb8 {[%clk 1:08:45]} Rd7 {[%clk 1:15:12]} 43. d4
{[%clk 1:08:31]} cxd4 {[%clk 1:15:00]} 44. Bxd4 {[%clk 1:06:56]} Rd6
{[%clk 1:14:38]} 45. Rxb6 {[%clk 1:05:42]} Rxb6 {[%clk 1:14:50]} 46. Bxb6
{[%clk 1:06:00]} a4 {[%clk 1:15:16]} 47. Bc5 {[%clk 1:06:09]} Be6
{[%clk 1:15:30]} 48. Bb4 {[%clk 1:05:58]} Kg4 {[%clk 1:15:46]} 49. Bc5
{[%clk 1:06:10]} Bc4 {[%clk 1:14:44]} 50. Bb4 {[%clk 1:06:21]} h5
{[%clk 1:14:49]} 51. Bd6 {[%clk 1:03:48]} f5 {[%clk 1:15:09]} 52. Kg2
{[%clk 1:03:54]} Bb3 {[%clk 1:13:39]} 53. Kf2 {[%clk 1:03:52]} Bd5
{[%clk 1:13:52]} 54. Bb4 {[%clk 1:01:39]} h4 {[%clk 1:14:16]} 55. gxh4
{[%clk 1:02:02]} Kxf4 {[%clk 1:14:40]} 56. Be7 {[%clk 1:02:14]} Kg4
{[%clk 1:15:03]} 57. Ke3 {[%clk 1:01:52]} f4+ {[%clk 1:15:28]} 58. Kf2
{[%clk 1:02:12]} Bf7 {[%clk 1:14:08]} 59. Bd6 {[%clk 1:00:20]} Kxh4
{[%clk 1:14:10]} 60. Bxf4 {[%clk 0:59:38]} a3 {[%clk 1:14:11]} 1/2-1/2

[Event "D"]
[Site "?"]
[Date "2018.08.25"]
[Round "8.4"]
[White "Bednarczyk, Mateusz"]
[Black "Zaborski, Igor"]
[Result "1/2-1/2"]
[BlackElo "1320"]
[WhiteElo "1451"]
[LiveChessVersion "1.4.8"]

1. e4 c6 2. c4 d5 3. exd5 cxd5 4. cxd5 Qxd5 5. Nc3 Qd6 6. Bc4 Nf6 7. h3 Nc6 8.
Nf3 Be6 9. Nb5 Qd7 10. Bxe6 Qxe6+ 11. Qe2 Qxe2+ 12. Kxe2 Nd5 13. Re1 a6 14. Nbd4
Nxd4+ 15. Nxd4 g6 16. d3 Bg7 17. Nc2 Rc8 18. Kd1 e6 19. a3 a5 20. Rb1 O-O 21. Bd2
b6 22. g3 Rfd8 23. Ne3 Rc7 24. Nxd5 Rxd5 25. Re3 Rf5 26. f4 Rfc5 27. h4 h5 28.
Re4 Rd5 29. Re3 Rb5 30. b4 Bc3 31. Re4 Bxd2 32. Kxd2 Ra7 33. a4 Rd5 34. bxa5
Rdxa5 35. Rxb6 Rxa4 36. Rxa4 Rxa4 37. Rb2 Kf8 38. Ke3 Ke7 39. Kf3 Ra3 40. Ke4 Kf6
41. Rb5 Ra4+ 1/2-1/2

[Event "D"]
[Site "?"]
[Date "2018.08.25"]
[Round "8.5"]
[White "Miler, Franciszek"]
[Black "Cieply, Krzysztof"]
[Result "1-0"]
[BlackElo "1400"]
[WhiteElo "1315"]
[LiveChessVersion "1.4.8"]

1. e4 {[%clk 1:30:59]} c5 {[%clk 1:30:55]} 2. Nf3 {[%clk 1:31:25]} Nc6
{[%clk 1:31:18]} 3. d4 {[%clk 1:31:50]} cxd4 {[%clk 1:31:43]} 4. Nxd4
{[%clk 1:32:14]} Nf6 {[%clk 1:32:08]} 5. Nc3 {[%clk 1:32:36]} e5 {[%clk 1:32:28]}
6. Ndb5 {[%clk 1:33:00]} d6 {[%clk 1:32:45]} 7. Nd5 {[%clk 1:33:23]} Nxd5
{[%clk 1:32:59]} 8. exd5 {[%clk 1:33:40]} Nb8 {[%clk 1:33:17]} 9. Be3
{[%clk 1:31:40]} a6 {[%clk 1:33:38]} 10. Nc3 {[%clk 1:31:58]} b5 {[%clk 1:33:39]}
11. Qd2 {[%clk 1:31:41]} Be7 {[%clk 1:34:01]} 12. Be2 {[%clk 1:30:46]} O-O
{[%clk 1:34:19]} 13. O-O {[%clk 1:31:10]} f5 {[%clk 1:34:38]} 14. f4
{[%clk 1:31:02]} e4 {[%clk 1:34:44]} 15. a3 {[%clk 1:29:59]} Bf6 {[%clk 1:34:53]}
16. Bd4 {[%clk 1:29:59]} Nd7 {[%clk 1:34:25]} 17. Na2 {[%clk 1:29:31]} Bb7
{[%clk 1:34:16]} 18. c4 {[%clk 1:28:36]} bxc4 {[%clk 1:34:37]} 19. Bxc4
{[%clk 1:28:54]} Bxd4+ {[%clk 1:34:41]} 20. Qxd4 {[%clk 1:29:04]} Nf6
{[%clk 1:34:51]} 21. Nc3 {[%clk 1:28:59]} Rc8 {[%clk 1:34:55]} 22. Rfe1
{[%clk 1:26:02]} Re8 {[%clk 1:32:38]} 23. Rad1 {[%clk 1:23:44]} e3
{[%clk 1:30:51]} 24. Bd3 {[%clk 1:23:47]} Qd7 {[%clk 1:31:08]} 25. Rxe3
{[%clk 1:23:14]} Rxe3 {[%clk 1:31:32]} 26. Qxe3 {[%clk 1:23:37]} Re8
{[%clk 1:31:15]} 27. Qf3 {[%clk 1:23:53]} Ng4 {[%clk 1:30:04]} 28. h3
{[%clk 1:22:37]} Re3 {[%clk 1:29:36]} 29. Qf1 {[%clk 1:20:46]} Nf6
{[%clk 1:29:39]} 30. Bxa6 {[%clk 1:20:56]} Qc8 {[%clk 1:29:58]} 31. Bxb7
{[%clk 1:20:41]} Qxb7 {[%clk 1:30:18]} 32. Qf2 {[%clk 1:20:59]} Re7
{[%clk 1:30:21]} 33. b4 {[%clk 1:16:31]} Rc7 {[%clk 1:30:33]} 34. Qe3
{[%clk 1:16:36]} Qc8 {[%clk 1:30:33]} 35. Nb5 {[%clk 1:15:43]} Rd7
{[%clk 1:30:46]} 36. Qe6+ {[%clk 1:15:48]} Kh8 {[%clk 1:31:07]} 37. Nxd6
{[%clk 1:13:40]} Qc2 {[%clk 1:31:00]} 38. Re1 {[%clk 1:13:56]} Qc3
{[%clk 1:30:26]} 39. Qe8+ {[%clk 1:13:37]} Ng8 {[%clk 1:30:51]} 40. Qxg8+
{[%clk 1:13:21]} Kxg8 {[%clk 1:31:15]} 41. Re8# {[%clk 1:13:44]} 1-0

[Event "D"]
[Site "?"]
[Date "2018.08.25"]
[Round "8.6"]
[White "Szuber, Dawid"]
[Black "Krupa, Dominik"]
[Result "0-1"]
[BlackElo "1258"]
[WhiteElo "1349"]
[LiveChessVersion "1.4.8"]

1. e4 {[%clk 1:30:58]} e5 {[%clk 1:30:50]} 2. Nf3 {[%clk 1:31:24]} Nc6
{[%clk 1:31:13]} 3. Bb5 {[%clk 1:31:51]} Bc5 {[%clk 1:31:33]} 4. O-O
{[%clk 1:31:30]} Qf6 {[%clk 1:31:52]} 5. d3 {[%clk 1:30:57]} h6 {[%clk 1:32:08]}
6. Nc3 {[%clk 1:30:40]} Nge7 {[%clk 1:32:09]} 7. Qe2 {[%clk 1:29:25]} O-O
{[%clk 1:32:01]} 8. Be3 {[%clk 1:28:51]} Bb6 {[%clk 1:32:15]} 9. Bxb6
{[%clk 1:25:59]} axb6 {[%clk 1:32:19]} 10. a3 {[%clk 1:25:02]} d6
{[%clk 1:31:41]} 11. h3 {[%clk 1:22:54]} Be6 {[%clk 1:30:32]} 12. Rfe1
{[%clk 1:21:44]} Ng6 {[%clk 1:30:18]} 13. Bxc6 {[%clk 1:19:45]} bxc6
{[%clk 1:30:19]} 14. Qe3 {[%clk 1:19:34]} Nf4 {[%clk 1:24:08]} 15. Kh2
{[%clk 1:18:57]} Qg6 {[%clk 1:21:51]} 16. Rg1 {[%clk 1:17:13]} Qh5
{[%clk 1:18:33]} 17. Nd2 {[%clk 1:16:05]} f5 {[%clk 1:18:18]} 18. Qf3
{[%clk 1:14:39]} Qe8 {[%clk 1:17:15]} 19. g3 {[%clk 1:08:24]} Nxh3
{[%clk 1:14:37]} 20. Qg2 {[%clk 1:02:44]} fxe4 {[%clk 1:14:06]} 21. Ndxe4
{[%clk 1:02:21]} d5 {[%clk 1:03:27]} 22. Rgf1 {[%clk 1:00:57]} dxe4
{[%clk 1:03:08]} 23. Nxe4 {[%clk 1:01:22]} Ng5 {[%clk 1:00:19]} 24. Nxg5
{[%clk 1:01:10]} hxg5 {[%clk 1:00:40]} 25. g4 {[%clk 1:01:31]} Bd5
{[%clk 1:00:37]} 26. f3 {[%clk 1:01:32]} Qf7 {[%clk 1:00:24]} 27. Rae1
{[%clk 1:01:27]} Bxf3 {[%clk 1:00:28]} 28. Qg3 {[%clk 1:01:11]} Qf4
{[%clk 1:00:15]} 29. Rxf3 {[%clk 1:00:35]} Qxf3 {[%clk 1:00:31]} 30. Qxf3
{[%clk 1:00:45]} Rxf3 {[%clk 1:00:52]} 31. Rxe5 {[%clk 1:01:04]} Rf2+
{[%clk 1:01:10]} 32. Kg3 {[%clk 1:01:31]} Rxc2 {[%clk 1:01:27]} 33. Rxg5
{[%clk 1:01:56]} Rxb2 {[%clk 1:01:47]} 0-1

[Event "D"]
[Site "?"]
[Date "2018.08.25"]
[Round "8.7"]
[White "Klisowski, Bartosz"]
[Black "Kopestynski, Michal"]
[Result "0-1"]
[BlackElo "1234"]
[WhiteElo "1330"]
[LiveChessVersion "1.4.8"]

1. Nf3 {[%clk 1:30:55]} Nf6 {[%clk 1:30:52]} 2. g3 {[%clk 1:31:11]} g6
{[%clk 1:29:37]} 3. c4 {[%clk 1:31:19]} Bg7 {[%clk 1:30:00]} 4. Bg2
{[%clk 1:31:37]} O-O {[%clk 1:30:23]} 5. O-O {[%clk 1:30:39]} d6 {[%clk 1:30:47]}
6. Nc3 {[%clk 1:29:46]} e5 {[%clk 1:28:19]} 7. d3 {[%clk 1:28:33]} Nbd7
{[%clk 1:26:49]} 8. Rb1 {[%clk 1:26:53]} a5 {[%clk 1:25:05]} 9. Bg5
{[%clk 1:24:01]} h6 {[%clk 1:20:48]} 10. Bxf6 Nxf6 11. a3 {[%clk 1:21:06]} Nh5
{[%clk 1:17:15]} 12. b4 {[%clk 1:17:22]} axb4 {[%clk 1:17:10]} 13. axb4
{[%clk 1:17:46]} f5 {[%clk 1:17:23]} 14. Qc2 {[%clk 1:17:38]} f4 {[%clk 1:17:41]}
15. Nh4 {[%clk 1:16:29]} g5 {[%clk 1:03:49]} 16. Bd5+ {[%clk 1:15:31]} Rf7
{[%clk 1:02:01]} 17. Bxf7+ {[%clk 1:14:42]} Kxf7 {[%clk 1:02:22]} 18. Ng2
{[%clk 1:14:01]} Bh3 {[%clk 1:02:45]} 19. Ra1 {[%clk 1:13:15]} g4
{[%clk 1:00:56]} 20. Rfd1 {[%clk 1:09:26]} Rxa1 {[%clk 0:56:42]} 21. Rxa1
{[%clk 1:09:49]} Qf6 {[%clk 0:57:02]} 22. Ne4 {[%clk 1:09:19]} Qe7
{[%clk 0:54:25]} 23. Qa2 {[%clk 1:07:38]} c6 {[%clk 0:53:18]} 24. c5+
{[%clk 1:04:24]} d5 {[%clk 0:53:21]} 25. Nd6+ {[%clk 1:04:46]} Kf6
{[%clk 0:49:24]} 26. Qa8 {[%clk 1:03:32]} e4 {[%clk 0:47:54]} 27. Nxe4+
{[%clk 1:01:27]} dxe4 {[%clk 0:48:01]} 28. dxe4 {[%clk 1:00:04]} Qxe4
{[%clk 0:47:13]} 29. Qd8+ {[%clk 0:59:58]} Kg6 {[%clk 0:45:48]} 30. Nh4+
{[%clk 0:56:56]} Kh7 0-1

[Event "D"]
[Site "?"]
[Date "2018.08.25"]
[Round "8.8"]
[White "Walczak, Marcin"]
[Black "Werner, Kacper"]
[Result "0-1"]
[BlackElo "1342"]
[WhiteElo "1152"]
[LiveChessVersion "1.4.8"]

1. d4 {[%clk 1:30:58]} Nf6 {[%clk 1:30:47]} 2. c4 {[%clk 1:29:18]} g6
{[%clk 1:31:02]} 3. Nf3 {[%clk 1:29:38]} Bg7 {[%clk 1:30:57]} 4. g3
{[%clk 1:28:29]} d5 {[%clk 1:31:16]} 5. Nbd2 {[%clk 1:26:52]} O-O
{[%clk 1:30:36]} 6. Bg2 {[%clk 1:27:14]} c6 {[%clk 1:23:53]} 7. O-O
{[%clk 1:22:34]} h6 {[%clk 1:22:12]} 8. c5 {[%clk 1:19:16]} Bd7 {[%clk 1:17:11]}
9. b4 {[%clk 1:16:31]} a5 {[%clk 1:15:08]} 10. bxa5 {[%clk 1:06:41]} Qxa5
{[%clk 1:11:30]} 11. Nb3 {[%clk 1:02:47]} Qd8 {[%clk 1:09:55]} 12. Ne5
{[%clk 0:54:00]} b5 {[%clk 1:07:55]} 13. cxb6 {[%clk 0:50:36]} Qxb6
{[%clk 1:08:15]} 14. Qc2 {[%clk 0:49:40]} Bf5 {[%clk 1:07:33]} 15. Qc5
{[%clk 0:46:49]} Qxc5 {[%clk 0:58:55]} 16. Nxc5 {[%clk 0:45:30]} Nfd7
{[%clk 0:57:59]} 17. Ncxd7 {[%clk 0:43:25]} Bxd7 {[%clk 0:57:35]} 18. Bd2
{[%clk 0:42:57]} e6 {[%clk 0:46:57]} 19. Rfb1 {[%clk 0:42:17]} h5
{[%clk 0:39:03]} 20. Rb7 {[%clk 0:41:05]} Bxe5 {[%clk 0:38:34]} 21. dxe5
{[%clk 0:41:20]} c5 {[%clk 0:38:47]} 22. Bg5 {[%clk 0:39:46]} Rc8
{[%clk 0:37:24]} 23. Rab1 {[%clk 0:38:36]} Bc6 {[%clk 0:36:43]} 24. R7b6
{[%clk 0:38:29]} Nd7 {[%clk 0:37:00]} 25. R6b2 Nxe5 0-1

[Event "D"]
[Site "?"]
[Date "2018.08.25"]
[Round "8.9"]
[White "Ullrich, Karol"]
[Black "Perek, Oskar"]
[Result "1-0"]
[BlackElo "1208"]
[WhiteElo "1303"]
[LiveChessVersion "1.4.8"]

1. e4 {[%clk 1:30:58]} e5 {[%clk 1:30:48]} 2. Nf3 {[%clk 1:31:23]} Nc6
{[%clk 1:31:10]} 3. Bb5 {[%clk 1:31:24]} a6 {[%clk 1:31:23]} 4. Ba4
{[%clk 1:31:50]} Nf6 {[%clk 1:31:38]} 5. O-O {[%clk 1:32:14]} d6 {[%clk 1:31:46]}
6. h3 {[%clk 1:32:39]} Be6 {[%clk 1:31:40]} 7. Re1 {[%clk 1:32:38]} Be7
{[%clk 1:31:48]} 8. d4 {[%clk 1:31:33]} exd4 {[%clk 1:31:58]} 9. Nxd4
{[%clk 1:31:52]} Qd7 {[%clk 1:31:57]} 10. Nxe6 {[%clk 1:26:28]} fxe6
{[%clk 1:32:15]} 11. Nc3 {[%clk 1:26:15]} b5 {[%clk 1:32:05]} 12. Bb3
{[%clk 1:26:38]} Na5 {[%clk 1:32:02]} 13. Bg5 {[%clk 1:25:24]} Nxb3
{[%clk 1:31:58]} 14. axb3 {[%clk 1:25:43]} O-O {[%clk 1:30:20]} 15. e5
{[%clk 1:23:00]} Ne8 {[%clk 1:29:28]} 16. Bxe7 {[%clk 1:23:12]} Qxe7
{[%clk 1:29:29]} 17. exd6 {[%clk 1:23:38]} cxd6 {[%clk 1:29:24]} 18. Qd2
{[%clk 1:17:41]} Nf6 {[%clk 1:28:09]} 19. Nd5 {[%clk 1:15:34]} Nxd5
{[%clk 1:28:04]} 20. Qxd5 {[%clk 1:15:58]} Rfe8 {[%clk 1:27:28]} 21. Qe4
{[%clk 1:11:41]} h6 {[%clk 1:26:42]} 22. c4 {[%clk 1:05:54]} b4 {[%clk 1:25:50]}
23. Re3 {[%clk 1:00:08]} Ra7 {[%clk 1:22:20]} 24. Rae1 {[%clk 0:59:37]} e5
{[%clk 1:21:46]} 25. f4 {[%clk 0:58:19]} Qf7 {[%clk 1:20:33]} 26. Qd3
{[%clk 0:56:59]} Rd7 {[%clk 1:19:07]} 27. fxe5 {[%clk 0:48:19]} dxe5
{[%clk 1:19:25]} 28. Qe2 {[%clk 0:48:13]} Rde7 {[%clk 1:19:43]} 29. Qd2
{[%clk 0:48:36]} a5 {[%clk 1:18:47]} 30. Qd6 {[%clk 0:48:21]} Qf6
{[%clk 1:18:18]} 31. Qd5+ {[%clk 0:48:01]} Kh8 {[%clk 1:18:15]} 32. Qxa5
{[%clk 0:48:13]} e4 {[%clk 1:18:21]} 33. Qxb4 {[%clk 0:47:52]} Qxb2
{[%clk 1:18:16]} 34. Qc3 {[%clk 0:48:15]} Qa2 {[%clk 1:17:07]} 35. Ra1
{[%clk 0:47:32]} Qa3 1-0